HIV/AIDS and social welfare : (Record no. 3975)

MARC details
000 -LEADER
fixed length control field 01908cam a22001577i 4500
020 ## - INTERNATIONAL STANDARD BOOK NUMBER
ISBN [9964303726]
050 00 - CALL NUMBER
Classification number RA643.86
Item number .H64
245 00 - TITLE
Title HIV/AIDS and social welfare :
Remainder of title issues in prevention management and care /
Statement of responsibility, etc edited by Bertha Z. Osei-Hwedie, Kwaku Osei-Hwedie and Morena J. Rankopo.
260 ## - PUBLICATION INFORMATION
Place of publication Accra, Ghana :
Name of publisher GIMPA Press,
Year of publication 2010.
300 ## - DESCRIPTION
Number of Pages vii, 215 pages :
Other physical details black and white illustrations ;
Dimensions 28 cm.
505 ## - FORMATTED CONTENTS NOTE
Table of Content Introduction: Socioeconomic perspectives on HIV/AIDS / Bertha Z. Osei-Hwedie, Morena J. Rankopo, Kwaku Osei-Hwedie --<br/>The impact of HIV/AIDS on the education and health sectors in Sub-Sahara Africa / E.M. Ncube --<br/>A discourse on the AIDS orphans of South Africa: Research initiatives and issues / Lengwe-Katembula Mwansa --<br/>Botswana: Government-private sector collaboration in implementing HIV/AIDS policy in a developing country / Bertha Z. Osei-Hwedie --<br/>Women's mental health issues: Implications for mental health policy and programme development in Botswana / Tirelo Modie --<br/>Sexuality, condom use and HIV/AIDS precautionary behaviour among youth in Botswana / Kwaku Osei-Hwedie and Rachel Namutosi --<br/>Parents without portfolios: The challenge to social work of child-headed households in AIDS stricken Africa / Gloria Jacques --<br/>Orphans of orphans: The plight of maternal orphanhed youths who are mothers in Botswana / Elizabeth P. Mukamaambo --<br/>Challenges faced by grandmothers in taking care of HIV/AIDS orphans in Botswana: Implications for social work practice / Odireleng Phorano --<br/>Challenges of orphanhood and HIV/AIDS in Botswana: Implications for structural reforms and integrated approaches / Nthabiseng A. Phaladze, Barbara N. Ngwenya --<br/>HIV/AIDS and community home-based care in Botswana / Morena J. Rankopo, Kwaku Osei-Hwedie.
700 1# - OTHER AUTHORS
Personal name Osei-Hwedie, Bertha Z.
700 1# - OTHER AUTHORS
Personal name Osei-Hwedie, Kwaku.
700 1# - OTHER AUTHORS
Personal name Rankopo, Morena J.
942 ## - ADDED ENTRY ELEMENTS (KOHA)
Koha item type Books
Holdings
Withdrawn status Lost status Home library Current library Shelving location Date acquired Full call number Accession Number Koha item type Collection code
    Methodist University Library Main Methodist University Library Main General Stacks   RA643.86 .H64 2422 Books  
    Methodist University Library Main Methodist University Library Main General Stacks   RA643.86 .H64 2421 Books  
    Methodist University Library Main Methodist University Library Main General Stacks   RA643.86 .H64 2419 Books Reference
    Methodist University Library Main Methodist University Library Main General Stacks   RA643.86 .H64 2420 Books Reference
Copyright © 2026  MUG Library